Fazendo a História As Sociedades Americanas e a Europa na Época Moderna

Saved in:
Bibliographic Details
Main Author: Aquino, Rubim Santos Leão de
Other Authors: Lopes, Oscar Guilherme Pahl Campos Lemos, Nivaldo Jesus Freitas de
Format: Book
Language:Portuguese
Published: Rio de Janeiro Ao Livro Técnico S/A 1986
Edition:1ª ed.
Textbook Catalogue:MANES:  Library Catalog Search Result
Textbook Classification:
Series:Fazendo a História
Tags: Add Tag
No Tags, Be the first to tag this record!
Added to:2025-02-11
Changed in:2025-05-07

MARC

LEADER 00000nam a22000007a 4500
005 20250507124322.0
008 250212b |||||||| |||| 00| 0 por d
040 |a centro_manes  |c ponta_grossa 
100 |a Aquino, Rubim Santos Leão de  |9 43141 
245 |a Fazendo a História  |b As Sociedades Americanas e a Europa na Época Moderna 
250 |a 1ª ed. 
260 |a Rio de Janeiro  |b Ao Livro Técnico S/A  |c 1986 
300 |a 120 p.  |c 27 x 20 cm. 
440 |a Fazendo a História  |9 44710 
500 |a O livro possui ilustrações em preto e branco e mapas coloridos. Possui um caderno de atividades em separado. Está dividido em 4 partes: Parte I: As sociedades Indígenas Americanas; Parte II: As sociedades Européias Colonizadoras; Parte III: As Sociedades Coloniais Americanas; Parte IV: A Sociedade Colonial Brasileira. 
546 |a brasil 
561 |5 br-UEPG  |a Brasil. Universidade Estadual de Ponta Grossa  |k MANES 
690 0 |a HI 
691 |a SE 
700 |a Lopes, Oscar Guilherme Pahl Campos  |9 44648  |a Lemos, Nivaldo Jesus Freitas de  |9 43142 
942 |2 ddc  |c BK 
999 |c 104147  |d 104147 
999 |c manes:104147  |d 104147